Sports Quiz

Random Sports or Soccer Quiz

Champions League XIs: AC Milan Quiz Stats

Quiz Updated Mar 12, 2014

Challenge
Share
Tweet
Embed
Score 0/187 Timer 16:00
27 Plays Today
% Correct
Paolo Maldini
93.7%
Paolo Maldini
93.7%
Paolo Maldini
93.7%
Paolo Maldini
93.7%
Paolo Maldini
93.7%
Paolo Maldini
93.7%
Paolo Maldini
93.7%
Paolo Maldini
93.7%
Paolo Maldini
93.7%
Paolo Maldini
93.7%
Dida
92%
Dida
92%
Dida
92%
Dida
92%
Dida
92%
Dida
92%
Dida
92%
Kaka
88.6%
Andrea Pirlo
88.1%
Andrea Pirlo
88.1%
Andrea Pirlo
88.1%
Andrea Pirlo
88.1%
Andrea Pirlo
88.1%
Andrea Pirlo
88.1%
Alessandro Nesta
87.3%
Alessandro Nesta
87.3%
Alessandro Nesta
87.3%
Alessandro Nesta
87.3%
Alessandro Nesta
87.3%
Alessandro Nesta
87.3%
Andrea Pirlo
86.9%
Alessandro Nesta
86.9%
Filippo Inzaghi
86.6%
Filippo Inzaghi
86.6%
Filippo Inzaghi
86.6%
Filippo Inzaghi
86.6%
Kaka
86.4%
Kaka
86.4%
Kaka
86.4%
Kaka
86.4%
Kaka
86.4%
Alessandro Nesta
86.2%
Alessandro Nesta
85.7%
Gennaro Gattuso
84.9%
Gennaro Gattuso
84.9%
Gennaro Gattuso
84.9%
Gennaro Gattuso
84.9%
Gennaro Gattuso
84.9%
Gennaro Gattuso
84.9%
Gennaro Gattuso
84.9%
Gennaro Gattuso
84.9%
Andriy Shevchenko
84.1%
Andriy Shevchenko
84.1%
Andriy Shevchenko
84.1%
Andriy Shevchenko
84.1%
Andriy Shevchenko
84.1%
Andriy Shevchenko
84.1%
Gennaro Gattuso
83.8%
Clarence Seedorf
83.4%
Clarence Seedorf
83.4%
Clarence Seedorf
83.4%
Clarence Seedorf
83.4%
Clarence Seedorf
83.4%
% Correct
Clarence Seedorf
83.4%
Clarence Seedorf
83.4%
Clarence Seedorf
83%
Clarence Seedorf
82.4%
Christian Abbiati
79%
Christian Abbiati
79%
Christian Abbiati
78.9%
Christian Abbiati
78.7%
Zlatan Ibrahimovic
78.5%
Christian Abbiati
78.2%
Zlatan Ibrahimovic
78.2%
Christian Abbiati
77.7%
Cafu
75.2%
Cafu
75.2%
Manuel Rui Costa
74.3%
Robinho
73.6%
Robinho
73.4%
Massimo Ambrosini
70.9%
Massimo Ambrosini
70.9%
Massimo Ambrosini
70.9%
Ronaldinho
70.4%
Massimo Ambrosini
69.7%
Alessandro Costacurta
69.6%
Alessandro Costacurta
69.6%
Alessandro Costacurta
69.6%
Alessandro Costacurta
69.6%
Alessandro Costacurta
69.6%
Alessandro Costacurta
69.6%
Alessandro Costacurta
69.6%
Mario Balotelli
66.8%
Ignazio Abate
65.1%
Ignazio Abate
64.8%
Ignazio Abate
64.4%
Alexandre Pato
63.5%
Ignazio Abate
63.4%
Franco Baresi
62%
Franco Baresi
62%
Franco Baresi
62%
Hernan Crespo
61.1%
Marco Van Basten
61%
Thiago Silva
59.4%
Philippe Mexes
58.7%
Philippe Mexes
58%
Gianluca Zambrotta
57.5%
Thiago Silva
57.1%
Thiago Silva
57%
Gianluca Zambrotta
56.7%
Philippe Mexes
56.5%
Kevin-Prince Boateng
55.5%
Sebastiano Rossi
55.4%
Sebastiano Rossi
55.4%
Sebastiano Rossi
55.4%
Sebastiano Rossi
55.4%
Kakha Kaladze
53.7%
Kakha Kaladze
53.7%
Kakha Kaladze
53.7%
Kevin-Prince Boateng
53.5%
Jaap Stam
53.5%
Jaap Stam
53.5%
Riccardo Montolivo
51%
Frank Rijkaard
50.1%
Demetrio Albertini
49.3%
Demetrio Albertini
49.3%
% Correct
Demetrio Albertini
49.3%
Demetrio Albertini
49.3%
Demetrio Albertini
49.3%
Demetrio Albertini
49.3%
Stephan El Shaarawy
48.7%
George Weah
48.4%
Roberto Baggio
46.1%
Massimo Oddo
46.1%
Massimo Oddo
46.1%
Massimo Oddo
46.1%
Alberto Gilardino
46.1%
Marcel Desailly
45.9%
Marcel Desailly
45.9%
Marcel Desailly
45.9%
Marek Jankulovski
45.6%
Zvonimir Boban
44.4%
Zvonimir Boban
44.4%
Zvonimir Boban
44.4%
Serginho
44%
Serginho
44%
Cristian Zapata
41%
Roberto Donadoni
40.6%
Roberto Donadoni
40.6%
Cristian Zapata
40.4%
Christian Panucci
40.3%
Christian Panucci
40.3%
Dejan Savicevic
39.7%
Dejan Savicevic
39.7%
Mark Van Bommel
39.2%
Nigel de Jong
38.8%
Oliver Bierhoff
37.8%
Oliver Bierhoff
37.8%
Daniele Massaro
37.6%
Daniele Massaro
37.6%
Daniele Massaro
37.6%
Edgar Davids
37.6%
Giampaolo Pazzini
37%
Mauro Tassotti
36.8%
Mauro Tassotti
36.8%
Sulley Muntari
35.4%
Daniele Bonera
34.9%
Mathieu Flamini
33.7%
Antonio Nocerino
33.4%
Urby Emanuelson
30.9%
Marco Simone
30.3%
Marco Simone
30.3%
Marco Simone
30.3%
Urby Emanuelson
30.2%
Marco Borriello
29.6%
Kevin Constant
27.7%
Thomas Helveg
27.6%
Leonardo
26.7%
Andrea Poli
26.4%
Dario Simic
25%
Francesco Coco
24.3%
Gianluigi Lentini
24.2%
Bojan Krkić
24.1%
Roque Junior
22.9%
Guly
18.2%
Roberto Ayala
17.9%
Federico Giunti
13.7%

You're not logged in!

Compare scores with friends on all Sporcle quizzes.
Join for Free
OR
Log In

You Might Also Like...

Show Comments

Extras

Top Quizzes Today


Score Distribution

Your Account Isn't Verified!

In order to create a playlist on Sporcle, you need to verify the email address you used during registration. Go to your Sporcle Settings to finish the process.

Report this User

Report this user for behavior that violates our Community Guidelines.

Details: